Hydrogen Fuel Energy; Интеллектуальные энергосистемы; Т. 3
| Parent link: | Интеллектуальные энергосистемы: труды III Международного молодёжного форума, 28 сентября - 2 октября 2015 г., г. Томск/ Национальный исследовательский Томский политехнический университет (ТПУ).— , 2015 Т. 3.— 2015.— [С. 185-188] |
|---|---|
| Κύριος συγγραφέας: | |
| Συγγραφή απο Οργανισμό/Αρχή: | |
| Άλλοι συγγραφείς: | |
| Περίληψη: | Заглавие с титульного экрана Nowadays there are many environmental problems in the world. Atmosphericpollution is one of the major issues. Much pollution comes fromdifferent engines and vehicles. The solution lies in discovering of either anew energy resource or form of energy and this will lead to a new technologicalstage. This paper deals with issues facing hydrogen fuel as an alternativesource of energy, its advantages and disadvantages. |
| Γλώσσα: | Αγγλικά |
| Έκδοση: |
2015
|
| Σειρά: | Научно-технический дискурс "Интеллектуальные энергосистемы" |
| Θέματα: | |
| Διαθέσιμο Online: | http://earchive.tpu.ru/handle/11683/16190 http://www.lib.tpu.ru/fulltext/c/2015/C43/V3/052.pdf |
| Μορφή: | MixedMaterials Ηλεκτρονική πηγή Κεφάλαιο βιβλίου |
| KOHA link: | https://koha.lib.tpu.ru/cgi-bin/koha/opac-detail.pl?biblionumber=615972 |
MARC
| LEADER | 00000naa2a2200000 4500 | ||
|---|---|---|---|
| 001 | 615972 | ||
| 005 | 20250522151757.0 | ||
| 035 | |a (RuTPU)RU\TPU\conf\14205 | ||
| 035 | |a RU\TPU\conf\14204 | ||
| 090 | |a 615972 | ||
| 100 | |a 20151127d2015 k y0rusy50 ba | ||
| 101 | 0 | |a eng | |
| 102 | |a RU | ||
| 105 | |a y z 101zy | ||
| 135 | |a drgn ---uucaa | ||
| 181 | 0 | |a i | |
| 182 | 0 | |a b | |
| 200 | 1 | |a Hydrogen Fuel Energy |f A. A. Koryagin, V. V. Vorobyeva |g sci. adv. V. V. Vorobyeva | |
| 203 | |a Текст |c электронный | ||
| 225 | 1 | |a Научно-технический дискурс "Интеллектуальные энергосистемы" | |
| 300 | |a Заглавие с титульного экрана | ||
| 320 | |a [Библиогр.: с. 187-188 (4 назв.)] | ||
| 330 | |a Nowadays there are many environmental problems in the world. Atmosphericpollution is one of the major issues. Much pollution comes fromdifferent engines and vehicles. The solution lies in discovering of either anew energy resource or form of energy and this will lead to a new technologicalstage. This paper deals with issues facing hydrogen fuel as an alternativesource of energy, its advantages and disadvantages. | ||
| 337 | |a Adobe Reader | ||
| 461 | 1 | |0 (RuTPU)RU\TPU\conf\13656 |t Интеллектуальные энергосистемы |o труды III Международного молодёжного форума, 28 сентября - 2 октября 2015 г., г. Томск |o в 3 т. |f Национальный исследовательский Томский политехнический университет (ТПУ) |d 2015 | |
| 463 | 1 | |0 (RuTPU)RU\TPU\conf\13661 |t Т. 3 |v [С. 185-188] |d 2015 | |
| 610 | 1 | |a труды учёных ТПУ | |
| 610 | 1 | |a электронный ресурс | |
| 610 | 1 | |a водород | |
| 610 | 1 | |a топливо | |
| 610 | 1 | |a энергия | |
| 610 | 1 | |a водородные топлива | |
| 610 | 1 | |a водородные топливные элементы | |
| 610 | 1 | |a окружающая среда | |
| 610 | 1 | |a автомобили | |
| 700 | 1 | |a Koryagin |b A. A. | |
| 701 | 1 | |a Vorobyeva |b V. V. |c linguist |c Associate Professor of Tomsk Polytechnic University, Candidate of philological sciences |f 1976- |g Viktoriya Vladimirovna |3 (RuTPU)RU\TPU\pers\34150 |9 17690 | |
| 702 | 1 | |a Vorobyeva |b V. V. |c linguist |c Associate Professor of Tomsk Polytechnic University, Candidate of philological sciences |f 1976- |g Viktoriya Vladimirovna |4 727 | |
| 712 | 0 | 2 | |a Национальный исследовательский Томский политехнический университет |c (2009- ) |9 26305 |
| 801 | 2 | |a RU |b 63413507 |c 20210210 |g RCR | |
| 850 | |a 63413507 | ||
| 856 | 4 | |u http://earchive.tpu.ru/handle/11683/16190 | |
| 856 | 4 | |u http://www.lib.tpu.ru/fulltext/c/2015/C43/V3/052.pdf | |
| 942 | |c BK | ||